Understanding UNIX / (Record no. 62104)
[ view plain ]
| 000 -LEADER | |
|---|---|
| fixed length control field | 01076cam a2200301 a 4500 |
| 001 - CONTROL NUMBER | |
| control field | 1599863 |
| 003 - CONTROL NUMBER IDENTIFIER | |
| control field | NUST-PNEC |
| 005 - DATE AND TIME OF LATEST TRANSACTION | |
| control field | 20170116180739.0 |
| 008 - FIXED-LENGTH DATA ELEMENTS--GENERAL INFORMATION | |
| fixed length control field | 941230s1994 caua 001 0 eng |
| 010 ## - LIBRARY OF CONGRESS CONTROL NUMBER | |
| LC control number | 94068434 |
| 020 ## - INTERNATIONAL STANDARD BOOK NUMBER | |
| International Standard Book Number | 0782114997 |
| 020 ## - INTERNATIONAL STANDARD BOOK NUMBER | |
| International Standard Book Number | 8170297974 |
| 040 ## - CATALOGING SOURCE | |
| Original cataloging agency | DLC |
| Transcribing agency | PNEC |
| Modifying agency | DLC |
| 050 00 - LIBRARY OF CONGRESS CALL NUMBER | |
| Classification number | QA76.76.O63 |
| Item number | K453 1994 |
| 082 00 - DEWEY DECIMAL CLASSIFICATION NUMBER | |
| Classification number | 005.43 BOO |
| Edition number | 20 |
| 100 2# - MAIN ENTRY--PERSONAL NAME | |
| Personal name | Kelly-Bootle, Stan. |
| 245 10 - TITLE STATEMENT | |
| Title | Understanding UNIX / |
| Statement of responsibility, etc. | Stan Kelly-Bootle. |
| 250 ## - EDITION STATEMENT | |
| Edition statement | 2nd ed. |
| 260 ## - PUBLICATION, DISTRIBUTION, ETC. | |
| Place of publication, distribution, etc. | San Francisco /New Delhi : |
| Name of publisher, distributor, etc. | Sybex/BPB Publications, |
| Date of publication, distribution, etc. | c1994. |
| 300 ## - PHYSICAL DESCRIPTION | |
| Extent | xxviii, 587 p. : |
| Other physical details | ill. ; |
| Dimensions | 23 cm. |
| 500 ## - GENERAL NOTE | |
| General note | Includes index. |
| 630 00 - SUBJECT ADDED ENTRY--UNIFORM TITLE | |
| Uniform title | UNIX (Computer file) |
| 650 ## - SUBJECT ADDED ENTRY--TOPICAL TERM | |
| General subdivision | Computer, MIS |
| 856 ## - ELECTRONIC LOCATION AND ACCESS | |
| Uniform Resource Identifier | <a href="http://www.amazon.com/Understanding-Unix-Stan-Kelly-Bootle/dp/0782114997/ref=sr_1_1?s=books&ie=UTF8&qid=1418163868&sr=1-1&keywords=0782114997">http://www.amazon.com/Understanding-Unix-Stan-Kelly-Bootle/dp/0782114997/ref=sr_1_1?s=books&ie=UTF8&qid=1418163868&sr=1-1&keywords=0782114997</a> |
| 906 ## - LOCAL DATA ELEMENT F, LDF (RLIN) | |
| a | 7 |
| b | cbc |
| c | orignew |
| d | 2 |
| e | opcn |
| f | 19 |
| g | y-gencatlg |
| 942 ## - ADDED ENTRY ELEMENTS (KOHA) | |
| Source of classification or shelving scheme | |
| Koha item type | Book |
| Withdrawn status | Lost status | Source of classification or shelving scheme | Damaged status | Not for loan | Permanent Location | Current Location | Shelving location | Date acquired | Source of acquisition | Cost, normal purchase price | Total Checkouts | Full call number | Barcode | Date last seen | Cost, replacement price | Price effective from | Koha item type |
|---|---|---|---|---|---|---|---|---|---|---|---|---|---|---|---|---|---|
| Pakistan Navy Engineering College (PNEC) | Pakistan Navy Engineering College (PNEC) | 07/27/1998 | - | 137.00 | 005.43 BOO | PNECLIB-020120 | 12/10/2014 | 137.00 | 07/27/1998 | Book |
